000 01048nac a22003137a 4500
001 BR8804952
003 BR-BrBNA
005 20240105120821.0
008 230509b bl.|||m| |||| 00| 0 por d
040 _aBR-BrBNA
_bpor
_cBiblioteca Nacional de Agricultura
072 _aF03
090 _a1410 BR8804952
100 1 _aBorges, V.E.
100 1 _aSucksdorff, M.G.
100 1 _aLeao, M.F.
100 1 _aAlbuquerque, M.C. de F. e
110 1 _aEmpresa de Pesquisa Agropecuaria do Estado de Mato Grosso, Cuiaba (Brasil)
_94114
245 1 _aConsideracoes sobre a qualidade de semente de feijao utilizada na regiao de Nova Brasilandia - Mato Grosso
260 3 _aCuiaba, MT (Brasil):
_c1984.
300 _a3 p.
490 _aComunicado Tecnico - Empresa de Pesquisa Agropecuaria do Estado de Mato Grosso (Brazil)
_vno. 5
_xISSN 0101-9015
500 _a6 ref.
650 _aFEIJAO
650 _aSEMENTE
650 _aGERMINACAO
650 _aMATO GROSSO
909 _a202312
_bLúcia Elande
_c55
_dLúcia Elande
942 _2AGRIS
_n0
_cMS
999 _c281591
_d281591